<?xml version="1.0" encoding="UTF-8"?>
<record
    xmlns:xsi="http://www.w3.org/2001/XMLSchema-instance"
    xsi:schemaLocation="http://www.loc.gov/MARC21/slim http://www.loc.gov/standards/marcxml/schema/MARC21slim.xsd"
    xmlns="http://www.loc.gov/MARC21/slim">

  <leader>00549    a2200181   4500</leader>
  <datafield tag="999" ind1=" " ind2=" ">
    <subfield code="c">26609</subfield>
    <subfield code="d">26609</subfield>
  </datafield>
  <controlfield tag="008">230621b           ||||| |||| 00| 0 eng d</controlfield>
  <datafield tag="020" ind1=" " ind2=" ">
    <subfield code="a">9789389991444</subfield>
    <subfield code="c">Rs775.00</subfield>
  </datafield>
  <datafield tag="041" ind1="0" ind2=" ">
    <subfield code="a">eng</subfield>
  </datafield>
  <datafield tag="082" ind1="0" ind2="0">
    <subfield code="a">346.5402</subfield>
    <subfield code="b">M9581</subfield>
  </datafield>
  <datafield tag="100" ind1=" " ind2=" ">
    <subfield code="a">Mulla, Dinshaw Fardunji </subfield>
  </datafield>
  <datafield tag="245" ind1=" " ind2=" ">
    <subfield code="a">The Indian Contract Act 1872 /</subfield>
  </datafield>
  <datafield tag="250" ind1=" " ind2=" ">
    <subfield code="a">16th ed.</subfield>
  </datafield>
  <datafield tag="260" ind1=" " ind2=" ">
    <subfield code="a">Gurgaon:</subfield>
    <subfield code="b">Lexis Nexis,</subfield>
    <subfield code="c">2021.</subfield>
  </datafield>
  <datafield tag="300" ind1=" " ind2=" ">
    <subfield code="a">xcvi, 474 p. ;</subfield>
    <subfield code="c">24 cm</subfield>
  </datafield>
  <datafield tag="650" ind1=" " ind2="0">
    <subfield code="a">Indian Act</subfield>
  </datafield>
  <datafield tag="700" ind1=" " ind2=" ">
    <subfield code="9">5505</subfield>
    <subfield code="a">Wadhwa, Anirudh</subfield>
    <subfield code="e">editor</subfield>
  </datafield>
  <datafield tag="942" ind1=" " ind2=" ">
    <subfield code="2">ddc</subfield>
    <subfield code="c">BK</subfield>
  </datafield>
  <datafield tag="952" ind1=" " ind2=" ">
    <subfield code="0">0</subfield>
    <subfield code="1">0</subfield>
    <subfield code="2">ddc</subfield>
    <subfield code="4">0</subfield>
    <subfield code="6">346_540200000000000_M9581</subfield>
    <subfield code="7">0</subfield>
    <subfield code="9">51315</subfield>
    <subfield code="a">CL</subfield>
    <subfield code="b">CL</subfield>
    <subfield code="c">REF</subfield>
    <subfield code="d">2023-06-21</subfield>
    <subfield code="e">4</subfield>
    <subfield code="g">580.86</subfield>
    <subfield code="o">346.5402 M9581</subfield>
    <subfield code="p">14017</subfield>
    <subfield code="r">2023-06-21</subfield>
    <subfield code="v">775.00</subfield>
    <subfield code="y">BK</subfield>
  </datafield>
  <datafield tag="952" ind1=" " ind2=" ">
    <subfield code="0">0</subfield>
    <subfield code="1">0</subfield>
    <subfield code="2">ddc</subfield>
    <subfield code="4">0</subfield>
    <subfield code="6">346_540200000000000_M9581</subfield>
    <subfield code="7">0</subfield>
    <subfield code="9">51316</subfield>
    <subfield code="a">CL</subfield>
    <subfield code="b">CL</subfield>
    <subfield code="d">2023-06-21</subfield>
    <subfield code="e">4</subfield>
    <subfield code="g">580.86</subfield>
    <subfield code="o">346.5402 M9581</subfield>
    <subfield code="p">14018</subfield>
    <subfield code="r">2023-06-21</subfield>
    <subfield code="v">775.00</subfield>
    <subfield code="y">BK</subfield>
  </datafield>
  <datafield tag="952" ind1=" " ind2=" ">
    <subfield code="0">0</subfield>
    <subfield code="1">0</subfield>
    <subfield code="2">ddc</subfield>
    <subfield code="4">0</subfield>
    <subfield code="6">346_540200000000000_M9581</subfield>
    <subfield code="7">0</subfield>
    <subfield code="9">51317</subfield>
    <subfield code="a">CL</subfield>
    <subfield code="b">CL</subfield>
    <subfield code="d">2023-06-21</subfield>
    <subfield code="e">4</subfield>
    <subfield code="g">580.86</subfield>
    <subfield code="o">346.5402 M9581</subfield>
    <subfield code="p">14019</subfield>
    <subfield code="r">2023-06-21</subfield>
    <subfield code="v">775.00</subfield>
    <subfield code="y">BK</subfield>
  </datafield>
</record>
